The principles of equitable remedies : (Record no. 628)

MARC details
000 -LEADER
fixed length control field 01282nam a2200325 a 4500
001 - CONTROL NUMBER
control field 2035589
003 - CONTROL NUMBER IDENTIFIER
control field OSt
005 - DATE AND TIME OF LATEST TRANSACTION
control field 20110721093215.0
008 - FIXED-LENGTH DATA ELEMENTS--GENERAL INFORMATION
fixed length control field 920103s1991 at b 001 0 eng
010 ## - LIBRARY OF CONGRESS CONTROL NUMBER
LC control number 92100739
020 ## - INTERNATIONAL STANDARD BOOK NUMBER
International Standard Book Number 0455209774
040 ## - CATALOGING SOURCE
Original cataloging agency DLC
Transcribing agency DLC
043 ## - GEOGRAPHIC AREA CODE
Geographic area code u-at---
050 00 - LIBRARY OF CONGRESS CALL NUMBER
Classification number KU3700
Item number .S67 1991
082 00 - DEWEY DECIMAL CLASSIFICATION NUMBER
Classification number 346.94004 SPR
-- 349.406004
Edition number 20
100 1# - MAIN ENTRY--PERSONAL NAME
Personal name Spry, I. C. F.
9 (RLIN) 1826
245 14 - TITLE STATEMENT
Title The principles of equitable remedies :
Remainder of title specific performance, injunctions, rectification, and equitable damages /
Statement of responsibility, etc by I.C.F. Spry.
250 ## - EDITION STATEMENT
Edition statement 4th ed.
260 ## - PUBLICATION, DISTRIBUTION, ETC. (IMPRINT)
Place of publication, distribution, etc Sydney :
Name of publisher, distributor, etc Law Book Co. ;
Place of publication, distribution, etc United Kingdom :
Name of publisher, distributor, etc Sweet & Maxwell ;
Place of publication, distribution, etc Canada :
Name of publisher, distributor, etc Carswell,
Date of publication, distribution, etc 1990 [i.e. 1991]
300 ## - PHYSICAL DESCRIPTION
Extent lxix, 693 p. ;
Dimensions 25 cm.
500 ## - GENERAL NOTE
General note Spine title: Equitable remedies.
504 ## - BIBLIOGRAPHY, ETC. NOTE
Bibliography, etc Includes bibliographical references and index.
650 #0 - SUBJECT ADDED ENTRY--TOPICAL TERM
Topical term or geographic name as entry element Equitable remedies
Geographic subdivision Australia.
9 (RLIN) 1827
650 #0 - SUBJECT ADDED ENTRY--TOPICAL TERM
Topical term or geographic name as entry element Equitable remedies.
9 (RLIN) 1828
740 0# - ADDED ENTRY--UNCONTROLLED RELATED/ANALYTICAL TITLE
Uncontrolled related/analytical title Equitable remedies.
906 ## - LOCAL DATA ELEMENT F, LDF (RLIN)
a 7
b cbc
c orignew
d 2
e ncip
f 19
g y-gencatlg
942 ## - ADDED ENTRY ELEMENTS (KOHA)
Source of classification or shelving scheme Dewey Decimal Classification
Koha item type Books
Holdings
Withdrawn status Lost status Source of classification or shelving scheme Damaged status Not for loan Home library Current library Shelving location Date acquired Total Checkouts Full call number Barcode Date last seen Price effective from Koha item type
    Dewey Decimal Classification     Law Development Centre Main Library Law Development Centre Main Library Text Books and Laws 04/26/2011   346.94004 SPR 2011/2435 04/26/2011 04/26/2011 Books